000 00231nam a2200085Ia 4500
245 0 _aIn the shadow of inyangani
100 _a DAVIDOW, Shelley Oxford, 2003
_978299
942 _cBK
008 210817s9999 xx 000 0 und d
999 _c270715
_d270710